<?xml version="1.0" encoding="UTF-8"?>
<record
    xmlns:xsi="http://www.w3.org/2001/XMLSchema-instance"
    xsi:schemaLocation="http://www.loc.gov/MARC21/slim http://www.loc.gov/standards/marcxml/schema/MARC21slim.xsd"
    xmlns="http://www.loc.gov/MARC21/slim">

  <leader>01337cam a2200349 a 4500</leader>
  <controlfield tag="001">000011664</controlfield>
  <controlfield tag="005">20200929162524.0</controlfield>
  <controlfield tag="008">950925s1993    sp abc        000 0 spa d</controlfield>
  <datafield tag="010" ind1=" " ind2=" ">
    <subfield code="a">95207573</subfield>
  </datafield>
  <datafield tag="020" ind1=" " ind2=" ">
    <subfield code="a">8478201564</subfield>
  </datafield>
  <datafield tag="035" ind1=" " ind2=" ">
    <subfield code="a">(DLC) 95207573</subfield>
  </datafield>
  <datafield tag="035" ind1=" " ind2=" ">
    <subfield code="a">(SpBaP)pu 930020190</subfield>
  </datafield>
  <datafield tag="040" ind1=" " ind2=" ">
    <subfield code="a">DO-SdBNP</subfield>
    <subfield code="c">DLC</subfield>
    <subfield code="d">BNPHU</subfield>
  </datafield>
  <datafield tag="043" ind1=" " ind2=" ">
    <subfield code="a">e-sp---</subfield>
  </datafield>
  <datafield tag="082" ind1=" " ind2=" ">
    <subfield code="a">246.2</subfield>
    <subfield code="b">C141</subfield>
  </datafield>
  <datafield tag="100" ind1="1" ind2=" ">
    <subfield code="a">Calahorra Mart&#xED;nez, Pedro.</subfield>
    <subfield code="9">27646</subfield>
  </datafield>
  <datafield tag="245" ind1="1" ind2="0">
    <subfield code="a">Iconograf&#xED;a musical del rom&#xE1;nico aragones /</subfield>
    <subfield code="c">Pedro Calahorra, Jes&#xFA;s Lacasta, &#xC1;lvaro Zald&#xED;var.</subfield>
  </datafield>
  <datafield tag="260" ind1=" " ind2=" ">
    <subfield code="a">[Zaragoza] :</subfield>
    <subfield code="b">Instituci&#xF3;n Fern&#xE1;ndo el Cat&#xF3;lico, Secci&#xF3;n de M&#xFA;sica Antigua, Diputaci&#xF3;n de Zaragoza,</subfield>
    <subfield code="c">1993.</subfield>
  </datafield>
  <datafield tag="300" ind1=" " ind2=" ">
    <subfield code="a">161 p. :</subfield>
    <subfield code="b">il. ;</subfield>
    <subfield code="c">25 cm.</subfield>
  </datafield>
  <datafield tag="500" ind1=" " ind2=" ">
    <subfield code="a">Publicaci&#xF3;n no. 1335 de la Instituci&#xF3;n Fern&#xE1;ndo el Cat&#xF3;lico.</subfield>
  </datafield>
  <datafield tag="650" ind1=" " ind2="4">
    <subfield code="a">Iconograf&#xED;a</subfield>
    <subfield code="9">27647</subfield>
  </datafield>
  <datafield tag="650" ind1=" " ind2="4">
    <subfield code="a">Arte rom&#xE1;nico</subfield>
    <subfield code="x">Obras ilustradas</subfield>
    <subfield code="9">27648</subfield>
  </datafield>
  <datafield tag="650" ind1=" " ind2="4">
    <subfield code="a">Imagenes e idolos</subfield>
    <subfield code="9">27649</subfield>
  </datafield>
  <datafield tag="650" ind1=" " ind2="4">
    <subfield code="a">M&#xFA;sica en el arte</subfield>
    <subfield code="9">27650</subfield>
  </datafield>
  <datafield tag="650" ind1=" " ind2="4">
    <subfield code="a">Decoraci&#xF3;n y ornamentaci&#xF3;n arquitect&#xF3;nicas</subfield>
    <subfield code="z">Espa&#xF1;a</subfield>
    <subfield code="z">Arag&#xF3;n</subfield>
    <subfield code="x">Temas, motivos</subfield>
    <subfield code="9">27651</subfield>
  </datafield>
  <datafield tag="650" ind1=" " ind2="4">
    <subfield code="a">Arquitectura religiosa</subfield>
    <subfield code="x">Espa&#xF1;a</subfield>
    <subfield code="z">Arag&#xF3;n</subfield>
    <subfield code="9">27652</subfield>
  </datafield>
  <datafield tag="650" ind1=" " ind2="4">
    <subfield code="a">Arquitectura rom&#xE1;nica</subfield>
    <subfield code="z">Espa&#xF1;a</subfield>
    <subfield code="z">Arag&#xF3;n</subfield>
    <subfield code="9">27653</subfield>
  </datafield>
  <datafield tag="700" ind1="1" ind2=" ">
    <subfield code="a">Lacasta, Jes&#xFA;s.</subfield>
    <subfield code="9">27654</subfield>
  </datafield>
  <datafield tag="700" ind1="1" ind2=" ">
    <subfield code="a">Zald&#xED;var, &#xC1;lvaro.</subfield>
    <subfield code="9">27655</subfield>
  </datafield>
  <datafield tag="910" ind1=" " ind2=" ">
    <subfield code="a">Catalogaci&#xF3;n por copia / LC</subfield>
  </datafield>
  <datafield tag="049" ind1=" " ind2=" ">
    <subfield code="a">BNGR</subfield>
  </datafield>
  <datafield tag="952" ind1=" " ind2=" ">
    <subfield code="0">0</subfield>
    <subfield code="1">0</subfield>
    <subfield code="5">2</subfield>
    <subfield code="7">0</subfield>
    <subfield code="8">MO</subfield>
    <subfield code="a">GR</subfield>
    <subfield code="b">GR</subfield>
    <subfield code="c">CT</subfield>
    <subfield code="d">2009-10-22</subfield>
    <subfield code="i">LF1</subfield>
    <subfield code="l">0</subfield>
    <subfield code="o">246.2 C141</subfield>
    <subfield code="p">11664-10</subfield>
    <subfield code="r">2020-06-25</subfield>
    <subfield code="w">2020-06-25</subfield>
    <subfield code="y">2</subfield>
    <subfield code="Z">Pr&#xE9;stamo interno</subfield>
  </datafield>
  <datafield tag="999" ind1=" " ind2=" ">
    <subfield code="c">11352</subfield>
    <subfield code="d">11352</subfield>
  </datafield>
</record>
